00671nam a2200193Ia 4500003000900000008004100009020001800050040001600068080002100084245008500105260002600190300001000216650005500226650004100281700003000322942000700352999001500359952010300374IN-BaIIA211028s9999 xx 000 0 eng d a0-8243-2007-7 cIIA Library a047.5:523bANR-7 0aAnnual Review of Earth and Planetary Sciencesbvol. 7cedited by Fred A. Donath. aAlto, Palo Altoc1979 a517p. aAnnual Reviews-Earth and Planetary Sciences910983 aAstronomy and Astrophysics Thesaurus aDonath, F. A., ed.910984 cBK c6403d6403 00104070aBANbBANcGENd1979-11-19l0o047.5:523/ ANR-7p7129r2021-11-05w1979-11-19yBKG17.5